[Event "Brisbane Gipslis Memorial"]
[Site "Brisbane"]
[Date "2018.05.06"]
[Round "4"]
[White "Wohl, Aleksandar H"]
[Black "Atalik, Suat"]
[Result "0-1"]
[WhiteElo "2334"]
[BlackElo "2507"]
[Annotator "Atalik,S"]
[PlyCount "50"]
[EventDate "2018.05.04"]
[EventType "swiss"]
[EventRounds "7"]
[EventCountry "AUS"]
[SourceTitle "CBM 184"]
[Source "ChessBase"]
[SourceDate "2018.05.16"]
[SourceVersion "1"]
[SourceVersionDate "2018.05.16"]
[SourceQuality "1"]

1. Nf3 Nf6 2. c4 b6 3. b3 g6 4. Bb2 Bg7 5. Qc2 $146 (5. g3 Bb7 6. Bg2 O-O 7.
O-O c5 ({or} 7... e6 8. d4 d5 {are expected.})) 5... Bb7 (5... c5 $142) 6. Nc3
(6. d4 e6 7. Nc3 d5) 6... c5 7. e3 Nc6 8. Ne4 $6 $146 (8. Rd1 $1 {
Chekhover-Lisitsin Moscow (Trade Unions Ch) 1936 is the historic game.}) 8...
Nb4 $6 {Black wants to go for opposite coloured bishops to upset the
equilibrium} ({but} 8... O-O $1 9. Nxf6+ exf6 10. a3 (10. Rd1 d5 11. cxd5 Nb4
12. Qb1 Bxd5) 10... Re8 11. Bd3 d5 {is more logical.}) 9. Nxf6+ Bxf6 10. Qb1
Be4 11. Qxe4 Bxb2 12. Rb1 $2 {White is trying to trap the knight and targets
positions with two minor pieces against rook but his king's safety interferes
as an issue.} ({Things are not simple after} 12. Rd1 $1 a5 $5 (12... Bf6 13. a3
Nc6 (13... d5 $2 14. cxd5 Qxd5 15. Bb5+ Kf8 16. Qb1 Nc6 17. e4 Qe6 18. Bxc6
Qxc6 19. e5 Bg7 20. O-O $16)) 13. Qb1 Bg7 14. d4 a4 15. a3 Nc6 16. b4 (16. d5
Ne5 17. Nxe5 Bxe5) 16... cxb4 17. axb4 d5 $13) 12... Bg7 13. a3 f5 $1 {Changes
the picture.} 14. Qf4 Nc2+ 15. Kd1 Nxa3 16. Rc1 d6 $6 (16... Bb2 17. d4 a5 {
is the way to react.}) 17. h4 $2 (17. d4 $2 e5) (17. e4 $142 e6 $1 $19 {
is the move Black has to find. Now the knight is safe on the rim.} (17... e5 $2
)) 17... e5 18. Qg3 e4 19. Ng5 Be5 $5 {A finesse, doubtful if it is necessary.}
(19... Bb2 20. h5 (20. Ne6 Qe7) 20... Bxc1 21. hxg6 Qf6 $19) 20. f4 Bb2 21. Rc2
({I was expecting} 21. d4 Qf6 22. Qf2 Bxc1 23. Kxc1 b5 24. cxb5 cxd4 $19) 21...
Nxc2 22. Kxc2 Qf6 $19 23. Be2 Ba3 24. Rb1 Bb4 25. h5 a5 0-1

[Event "Paracin GM"]
[Site "Paracin"]
[Date "2018.07.20"]
[Round "9"]
[White "Radovanovic, Mihajlo"]
[Black "Atalik, Suat"]
[Result "1/2-1/2"]
[WhiteElo "2402"]
[BlackElo "2509"]
[Annotator "Atalik,S"]
[PlyCount "26"]
[EventDate "2018.07.14"]
[EventType "tourn"]
[EventRounds "9"]
[EventCountry "SRB"]
[EventCategory "8"]
[SourceTitle "CBM 186"]
[Source "ChessBase"]
[SourceDate "2018.09.14"]
[SourceVersion "1"]
[SourceVersionDate "2018.09.14"]
[SourceQuality "1"]

1. Nf3 Nf6 2. g3 g6 3. b3 $5 b6 $5 {Stupid double holes rather than double
fianchetto according to Rubinstein.} 4. Bb2 Bg7 5. Bg2 Bb7 6. O-O O-O 7. c4 d6
(7... c5 8. d4 (8. Nc3 d5) 8... cxd4 9. Qxd4 Nc6 10. Qc3 Qc7 $13) 8. d4 e6 (
8... Nbd7 9. Nc3 Ne4) 9. Nc3 c5 (9... Ne4 10. Qc2 Nxc3 11. Bxc3 Nd7) 10. Qd2
Qe7 11. Rad1 Na6 $6 $146 (11... d5 $1 12. cxd5 exd5 13. dxc5 bxc5 14. e3 Rd8
$36) 12. Rfe1 $6 (12. dxc5 dxc5 13. Ne5 Nb4 14. Bxb7 Rad8 $5 15. Qc1 Qxb7 $11)
(12. d5 $1 {is the way to proceed.} exd5 13. cxd5 Nc7 14. e4 Nd7 15. Rfe1 $14)
12... d5 13. cxd5 exd5 1/2-1/2

[Event "Elgoibar 13th"]
[Site "Elgoibar"]
[Date "2003.12.07"]
[Round "5.1"]
[White "Perez Candelario, Manuel"]
[Black "Argandona Riveiro, Inigo"]
[Result "1-0"]
[WhiteElo "2463"]
[BlackElo "2344"]
[Annotator "Atlas,V"]
[PlyCount "53"]
[EventDate "2003.11.03"]
[EventType "tourn"]
[EventRounds "9"]
[EventCountry "ESP"]
[EventCategory "9"]
[SourceTitle "CBM 099"]
[Source "ChessBase"]
[SourceDate "2004.03.30"]
[SourceVersion "1"]
[SourceVersionDate "2004.03.30"]
[SourceQuality "1"]

1. c4 c6 2. Nf3 Nf6 3. b3 g6 4. Bb2 Bg7 5. g3 O-O 6. Bg2 a5 7. Nc3 Ne4 8. Qc2
Nxc3 9. Bxc3 d5 10. Bxg7 Kxg7 11. Qb2+ f6 12. d4 a4 13. O-O Be6 14. Nd2 Qd7 15.
Rfe1 Rd8 16. Rad1 axb3 17. axb3 Na6 18. e4 dxc4 19. Nxc4 Bxc4 20. bxc4 c5 21.
e5 cxd4 22. Bd5 f5 $2 ({Allows White to develop an irresistible attack.
Essential was} 22... Nc5 23. Qxd4 Qc7) 23. e6 Qc7 24. Rxd4 Kg8 25. Rh4 $1 {
[%csl Rg8,Rh7][%cal Gb2d2,Gd2h6]} Nc5 26. Qd2 Ne4 $2 ({This move allows White
to conclude the game in style. More stubborn was} 26... f4 {, although Black's
position is lost anyway.}) {[%tqu "En","Black's king is in bad shape. How to
finish it off?","Exploit the power of your 'heavy artillery'.","Eliminate the
key defender of the black king.","e1e4","This excellent move wins immediately.
",4]} 27. Rexe4 $1 {[%csl Rg8,Gh6,Rh7][%cal Gd2h6,Gh4h7]} (27. Rexe4 $1 {
This powerful blow eliminating the key defender of the black king, wins on the
spot. Black resigned, as after} fxe4 28. Qh6 {mate is inevitable.}) 1-0

[Event "Paris op"]
[Site "Paris"]
[Date "1998.??.??"]
[Round "6"]
[White "Smirin, Ilia"]
[Black "Avrukh, Boris"]
[Result "1/2-1/2"]
[WhiteElo "2615"]
[BlackElo "2565"]
[Annotator "Avrukh,B"]
[PlyCount "53"]
[EventDate "1998.07.??"]
[EventType "swiss"]
[EventRounds "9"]
[EventCountry "FRA"]
[SourceTitle "EXT 2000"]
[Source "ChessBase"]
[SourceDate "1999.11.16"]
[SourceVersion "1"]
[SourceVersionDate "1999.11.16"]
[SourceQuality "1"]

1. Nf3 Nf6 2. c4 g6 3. b4 Bg7 4. Bb2 d6 5. g3 (5. d3 O-O 6. g3 e5 7. Nc3 h6 8.
Bg2 c6 9. O-O Be6 10. b5 Nh5 (10... Nbd7 $142 {[%cal Gd6d5]}) 11. Nd2 f5 12.
Qa4 Qd7 13. Rab1 g5 14. Ba1 f4 15. bxc6 bxc6 16. Qb4 fxg3 17. fxg3 a5 18. Rxf8+
Bxf8 19. Qb7 $16 {1-0 Kalista,K-Kubikova,H/Plzen KB opJ-C 1997 (33)}) (5. d4
Nbd7 6. e3 e5 7. dxe5 Ng4 8. Nd4 Ndxe5 9. Nc3 (9. h3 Nf6 10. Nc3) 9... Qh4 10.
g3 $2 (10. Qd2) 10... Qf6 11. f4 (11. Qc2 Nf3+ 12. Nxf3 Qxf3 $17) 11... Nxe3
12. fxe5 Qxe5 {[%csl Re1]} 13. Qa4+ Bd7 14. Ncb5 O-O {0-1 Shabtai,R-Sutovskij,
E/Tel Aviv 1993}) (5. e3 e5 6. d3 O-O 7. Nbd2 Nbd7 8. Be2 b6 9. O-O Bb7 10. Qc2
(10. a4 $5) 10... Qe7 11. a4 a5 12. bxa5 Rxa5 13. Nb3 Ra7 (13... Raa8 $5) 14.
a5 e4 $1 15. Nfd4 Ne5 16. Nb5 Nf3+ $5 $40 {0-1 Panchenko,A-Smirin,I/Moscow
Alekhine op 1992 (35)}) 5... e5 6. d3 (6. Bg2 Nc6 (6... e4 $5 7. Ng5 O-O 8.
Nxe4 (8. Nc3 Ng4 $1 9. Ngxe4 $140 f5) (8. O-O Re8 $13) 8... Nxe4 9. Bxg7 Nxf2
10. Kxf2 Kxg7 $13 {[%cal Gd8f6]}) 7. b5 Ne7 8. Nc3 O-O 9. O-O Nh5 $6 10. d4 $1
Be6 11. dxe5 dxe5 12. Qb3 Qc8 13. Ng5 Bd7 14. Ba3 $16 {1-0 Smyslov,V-Kchouk,B/
Siegen olm 1970 (27)}) 6... O-O (6... Nc6 7. b5 Ne7 8. Bg2 h5 $6 9. Nc3 Nf5 {
[%cal Gh5h4]} 10. h3 O-O 11. O-O Nh7 12. e4 Nh6 13. d4 $2 (13. Nd5 $1 $14)
13... exd4 14. Nxd4 Ng5 15. Kh2 Bxh3 16. Bxh3 Bxd4 $17 {Khudiakov,I-Borocz,I/
Harkany op 1993/0-1 (49)}) 7. Bg2 a5 $146 (7... Nc6 8. b5 Ne7 9. O-O h6 10.
Nbd2 Nh7 $2 (10... Be6) 11. d4 $1 exd4 12. Bxd4 Nf5 13. Bxg7 Nxg7 14. Nd4 $16 {
1-0 Bleunven,A-Husson,C/FRA-chT 1996 (40)}) (7... e4 $143 8. dxe4 Nxe4 9. Bxg7
Kxg7 10. Nbd2 $14 (10. Qd4+ Qf6 11. Nbd2 Nc6 12. Qxf6+ Nxf6 13. b5 $14)) 8. b5
(8. a3 e4 $1 (8... axb4 9. axb4 Rxa1 10. Bxa1 $14) 9. dxe4 Nxe4 10. Bxg7 Kxg7
11. Qd4+ Qf6 12. b5 Nd7 {[%csl Rc4][%cal Gd7c5] and black is fine.}) 8... Nbd7
(8... e4 9. dxe4 Nxe4 10. Bxg7 Kxg7 11. Nd4 $1 Re8 12. Nd2 {and black has real
problems with developing queenside piecies.}) 9. O-O Nc5 10. Nfd2 (10. Nc3 Be6
{[%cal Gd8d7]} (10... e4 $2 11. Nxe4 $1 $16)) 10... Bg4 (10... a4 11. Nc3 $1 a3
12. Bc1 {[%csl Ra3][%cal Gd2b3]}) 11. h3 Be6 12. Nc3 Qd7 13. Kh2 Rad8 {[%cal
Gd6d5]} 14. Nb3 (14. Na4 e4 $1 15. d4 (15. Nxc5 dxc5 16. Nxe4 Nxe4 17. Bxg7
Nxf2 (17... Kxg7 18. Bxe4 Bxh3 19. Rh1 $14) 18. Rxf2 Kxg7 $11) 15... Nxa4 16.
Qxa4 d5 17. cxd5 Nxd5 18. Nxe4 Nb6 19. Qxa5 Nc4 20. Qb4 Nxb2 21. Qxb2 Bxd4 22.
Nf6+ Bxf6 23. Qxf6 Qxb5) 14... b6 15. Qc2 (15. Nxc5 dxc5 16. Qc2 e4 17. Rad1 (
17. Nxe4 Nxe4 18. Bxg7 Kxg7 19. dxe4 Qd2 20. Rfc1 Rd4 $132) (17. dxe4 Bxc4 (
17... Qd2 18. Qb3 Bxc4 19. Qxc4 Qxb2 20. e5 (20. Rab1 Qxc3 21. Qxc3 Ng4+ 22.
hxg4 Bxc3 $11) 20... Rd4 21. Qb3 Qxb3 22. axb3 Nd7 23. f4 {and white is
clearly better.}) 18. e5 Nd5 19. Rfd1 Qe6 $11) 17... exd3 18. Rxd3 Qc8 $1 $11 (
18... Qe7 19. Re3 $1 {[%cal Gc3d5]})) 15... Nxb3 16. axb3 d5 17. Rad1 (17. cxd5
Nxd5 18. Nxd5 Bxd5 19. Bxd5 Qxd5 20. Qxc7 Qxb5 21. Qc4 Qd7 $11) 17... h5 $2 (
17... d4 $1 18. Nb1 $5 $13 {[%cal Gb1d2,Gd2f3]} (18. Na2 {[%cal Gb3b4]} h5 $5
19. b4 (19. Ba3 $140 Rfe8 $1 20. Bc6 Qc8 21. Bxe8 Rxe8 22. h4 Bh3 23. Rh1 Ng4+
24. Kg1 Qf5 $17) 19... a4 $1 {Smirin} 20. Qxa4 h4 21. Qc2 Nh7 $1 $44 {[%cal
Gh7g5]}) (18. Na4 h5 (18... Qc8 $5) 19. Ba3 Rfe8 $1)) 18. e3 $1 (18. e4 $6 d4
19. Nd5 Bxd5 20. exd5 h4 $1) 18... Rfe8 19. Ne2 Qd6 (19... h4 20. Bxe5 (20.
gxh4 Qd6 21. e4 $1 {also very strong}) 20... Ng4+ 21. hxg4 Bxe5 22. f4 Bg7 23.
g5 Bg4 24. e4 $16) 20. f4 $1 (20. e4 dxe4 (20... d4 21. f4 Bc8 $14 {[%cal
Gf6d7,Gd7c5]}) 21. dxe4 Qc5 {[%cal Ga5a4]} 22. Nc3 h4 $132) 20... exf4 21. Nxf4
h4 (21... dxc4 $2 22. dxc4 $1 Qe7 23. Rxd8 Rxd8 24. Nxe6 Qxe6 25. Bxf6 Bxf6 26.
Bd5 $18 {[%csl Gg6]}) 22. gxh4 Bf5 (22... Nh5 $5 23. Bxg7 Kxg7 24. Qc3+ (24.
cxd5 $140 Bxd5 $1 25. Bxd5 Rxe3) 24... Kg8 25. d4 $1 $16) 23. Qf2 dxc4 (23...
Nh5 24. Bxg7 Kxg7 25. Bxd5 Nxf4 26. exf4 $16) 24. e4 $1 (24. bxc4 $143 Nh5 25.
Bxg7 Kxg7 26. e4 Nxf4 27. Qxf4 Qxf4+ 28. Rxf4 Be6 $44 {[%cal Ge6c4]}) 24... Bg4
(24... Bc8 25. e5 $1 Rxe5 26. dxc4 $18) 25. Rde1 $1 {[%cal Ge4e5]} (25. e5 Rxe5
26. Bxe5 Qxe5 27. Rde1 Qxb5 (27... Qd6 $6 28. Qg3 Bf5 29. dxc4 $16) 28. bxc4
Qb4 29. Nd5 Rxd5 $1 (29... Qd6+ 30. Kh1 Bf5 31. Ne7+ $18) 30. Bxd5 Bf5 $44) (
25. Bxf6 Bxd1 26. Bxg7 (26. Bxd8 $2 Rxd8 $1 (26... Bxb3 27. Bg5 f6 $5) 27. Rxd1
Be5 28. Kg3 cxb3 $19) 26... Kxg7 27. Rxd1 cxb3 28. d4 a4 29. Qg3 $13) 25... Nh5
(25... cxd3 26. Bxf6 $1 (26. e5 $2 Qb4 $1 {Smirin} 27. exf6 Rxe1 28. Rxe1 d2
29. Rg1 Bf8 $1 $17 {[%cal Gf8d6,Gf8c5] Smirin}) 26... Bxf6 27. hxg4 {and white
wins}) 26. Bxg7 Kxg7 27. bxc4 $2 {And here the draw was agreed in view of
variation 27...Nf4 28Qf4-Qf4 29Rf4-Be6 with good compensation.} (27. hxg4 Nxf4
28. Qxf4 Qxf4+ 29. Rxf4 cxb3 {[%cal Ga5a4,Gd8d4]} 30. Ref1 $1 (30. Bf1 $2 Rd4
$1 $17 {[%cal Ga5a4,Ge8e5]}) 30... Re7 (30... a4 31. Rxf7+ Kh8 32. Rxc7 a3 33.
Rc3 $18) (30... Rxd3 31. Rxf7+ Kg8 32. Rxc7 a4 33. Ra7) 31. e5 $1 {[%cal Gf4a4,
Gg2c6]} Rxd3 32. R1f2 $16 c5 33. bxc6 b5 34. h5 a4 35. e6 $1 fxe6 36. hxg6 $18)
(27. e5 $2 Rxe5 28. Rxe5 (28. Qb2 f6 $17 (28... c3 $5)) 28... Qxe5 29. hxg4
Nxf4 30. Qxf4 Qxf4+ 31. Rxf4 cxb3 $17) 1/2-1/2

[Event "Bugojno"]
[Site "Bugojno"]
[Date "1978.03.07"]
[Round "9"]
[White "Vukic, Milan"]
[Black "Larsen, Bent"]
[Result "1/2-1/2"]
[WhiteElo "2480"]
[BlackElo "2620"]
[Annotator "Bulletin"]
[PlyCount "168"]
[EventDate "1978.02.27"]
[EventType "tourn"]
[EventRounds "15"]
[EventCountry "YUG"]
[EventCategory "14"]
[SourceTitle "MCL"]
[Source "ChessBase"]
[SourceDate "1999.07.01"]
[SourceVersion "1"]
[SourceVersionDate "1999.07.01"]
[SourceQuality "1"]

1. Nf3 e6 2. c4 b6 3. g3 Bb7 4. Bg2 Nf6 5. O-O g6 6. Nc3 (6. d4 Bg7 7. Qc2 O-O
8. Nc3 d6 9. e4 Nbd7 10. b3 e5 11. Bb2 $16 {Milev-Simagin, Moskau 1959}) 6...
Bg7 7. Re1 d5 8. d4 O-O 9. cxd5 exd5 10. Bg5 Nbd7 11. Qb3 Re8 12. e3 a6 13.
Rac1 h6 14. Bxf6 Nxf6 15. Ne5 $1 $14 {/\16.e4 dxe4 17.Qxf7+/17.Ng6} Re6 (15...
c5 $2 16. Na4 Re6 17. dxc5 $1 Rxe5 18. c6 Bc8 19. c7 {/\Nxb7 +-}) 16. Nd3 (16.
Bh3 $5 Rd6 17. e4 {/\Nxg6/f7, e5}) 16... h5 17. Rc2 Bh6 18. Rec1 Ra7 $2 (18...
Re7 19. Ne5 Kg7 $13 (19... c5 20. Na4 cxd4)) 19. Ne2 Ba8 20. Ne5 Ng4 21. Nf4
Bxf4 22. exf4 Nf6 23. f5 $18 gxf5 24. Qf3 Ng4 25. Nd3 Qg5 26. h3 Nf6 27. Rxc7
Rxc7 28. Rxc7 Bc6 29. Qf4 (29. Nf4 $1 Re1+ (29... Rd6 30. Qa3 Ne8 31. Rc8 Qe7
32. Nxh5 $18) 30. Kh2 Ng4+ (30... Qh6 31. Rxc6 $1) (30... Be8 {/\..Qh6} 31. Qc3
$1 Rd1 32. Bxd5 Qh6 33. Bf3 Ng4+ 34. Kg2 $18) 31. hxg4 hxg4 32. Qc3 Qh6+ 33.
Bh3 $18) 29... Qxf4 30. gxf4 $16 (30. Nxf4 Re1+ 31. Kh2 Bb5 (31... Be8 32. Rb7
$16) 32. Nxd5 $18) 30... Be8 31. Ne5 Kf8 32. Bf1 a5 33. Ba6 Re7 34. Rc8 Kg7 35.
h4 Ne4 36. f3 Nd6 37. Rd8 Re6 38. Kf2 Kf8 39. Rb8 b5 40. Bc8 Re7 41. Bd7 a4 42.
b3 axb3 43. axb3 Kg7 44. Bxe8 Rxe8 45. Rb6 Re6 46. Rc6 f6 47. Rc7+ Kh6 48. Nd3
Re8 49. Nb4 Ra8 50. Rc6 Ne8 51. Nxd5 Ra2+ 52. Kg3 Kg7 53. Rb6 Rd2 54. Ne7 Kf7
55. Nxf5 Kg6 56. Rxb5 Nc7 57. Ra5 Rd3 58. b4 Ne6 59. Rd5 Nc7 60. Ne7+ Kf7 61.
Rd7 Nb5 62. Nc6+ Ke6 63. Rd8 Nd6 64. Rh8 Nf5+ 65. Kf2 Nxd4 66. Nxd4+ Rxd4 67.
Re8+ Kf5 68. Re4 Rd1 69. Re1 Rd4 70. Re4 Rd2+ 71. Ke3 Rb2 72. Rd4 Rb3+ 73. Ke2
Ke6 74. Kd2 Rxf3 75. Kc2 Rg3 76. b5 Kf5 77. b6 Rg8 78. Kd3 Kg4 79. Ke3 Kxh4 80.
Kf2 Kg4 81. b7 Rb8 82. Rb4 h4 83. Kg1 h3 84. Kf1 Kg3 1/2-1/2

[Event "Yerevan"]
[Site "Yerevan"]
[Date "1996.??.??"]
[Round "3"]
[White "Minasian, Artashes"]
[Black "Lputian, Smbat G"]
[Result "1/2-1/2"]
[WhiteElo "2580"]
[BlackElo "2580"]
[Annotator "Dolmatov,S"]
[PlyCount "131"]
[EventDate "1996.04.??"]
[EventType "tourn"]
[EventRounds "11"]
[EventCountry "ARM"]
[EventCategory "15"]
[SourceTitle "CBM 053"]
[Source "ChessBase"]
[SourceDate "1996.08.01"]
[SourceVersion "1"]
[SourceVersionDate "1996.08.01"]
[SourceQuality "1"]

1. Nf3 {Baburin} Nf6 2. g3 g6 3. Bg2 Bg7 4. O-O O-O 5. c4 d5 6. cxd5 Nxd5 7. d3
c5 8. Qa4 $6 (8. Nc3 $5 Nxc3 9. bxc3 Bxc3 10. Rb1 $44) 8... Nc6 9. Nbd2 Qd7 $5
10. Qc4 b6 11. Ne5 (11. d4 $6 cxd4 12. Nxd4 Nxd4 13. Bxd5 b5 $17) 11... Nxe5
12. Qxd5 Qxd5 13. Bxd5 Rb8 $10 14. Rb1 Rd8 15. Bg2 Ba6 16. b3 {Baburin: The
position looks very quiet and it seems that after some further exchanges the
players might agree a draw. However, Black seizes the initiative, breaking the
material balance.} Nxd3 $6 (16... Rbc8 17. Bb2 Nc6 18. Bxg7 Kxg7 $15) 17. exd3
Bxd3 18. Be4 Bxf1 (18... Bxb1 19. Nxb1 $14) 19. Kxf1 f5 {Baburin: It looks
tempting to push away the bishop from its central position, but I think that
Black should not hurry with this move.} (19... Bh6 $5 {Baburin Black will be
pleased, if the bishops come off, as that would give Black more chances to
employ his rooks (more squares might be available for them).} 20. Ke2 e5 $17)
20. Bc2 e5 $6 (20... Bc3 $5 21. Ke2 e5 $132) 21. Ke2 Bh6 22. f4 $5 (22. Nc4
Bxc1 23. Rxc1 e4 24. f4 exf3+ 25. Kxf3 b5 26. Ne5 Rd2 $13) 22... exf4 23. Nf3
Re8+ 24. Kf1 Rbd8 (24... g5 25. gxf4 gxf4 26. Bxf5 $16) 25. gxf4 $16 {Baburin:
White must keep the two bishops. In fact the more pieces there are on the
board the better for him. As White now has an outpost on e5 for his knight,
Black decides to unbalance the position materially even further.} Re4 26. Bxe4
fxe4 27. Ne1 (27. Ne5 $2 Rd1+ 28. Ke2 Rh1 $15) 27... Rf8 28. Rb2 (28. Ng2 $5 g5
(28... Bxf4 29. Nxf4 g5 30. Rb2 gxf4 31. Rg2+ $16) 29. f5 Rxf5+ 30. Ke2 Rf3 31.
Be3 Rh3 32. Bg1 $16) 28... Bxf4 29. Bxf4 Rxf4+ 30. Rf2 Rh4 (30... Rxf2+ $5 31.
Kxf2 Kg7 32. Ke3 Kf6 33. Kxe4 Kg5 $132) 31. Nc2 Rh3 32. Ke2 c4 33. bxc4 Rc3 34.
Kd2 Rd3+ (34... Rxc4 35. Ke3 $16) 35. Ke2 Rc3 36. Nd4 $1 Rxc4 37. Ke3 Ra4 38.
Ne6 (38. Kxe4 $5 $16 Ra5 39. Ne6 h6 40. Rf8+ Kh7 41. Rf7+ Kh8) 38... h6 39. h4
Ra5 40. Kxe4 Kh8 41. Rg2 Ra4+ (41... g5 42. hxg5 hxg5 43. Nxg5 Kg7 44. Ne6+ Kf6
45. Nd4 Ra4 46. Kd5 $16) 42. Ke5 Rxh4 43. Kf6 Rh1 (43... g5 $2 44. Rd2 $18) 44.
Nf8 (44. Kxg6 $5 Re1 45. Ng7 Kg8 46. Kf6 $16) 44... Kg8 45. Nxg6 Rf1+ 46. Ke6
Re1+ 47. Ne5+ Kh7 48. Rf2 (48. Rc2 $5 Rg1 49. Rc7+ Rg7 50. Nd7) 48... Rg1 49.
Kd6 (49. a4 $5) 49... b5 (49... h5) 50. Ke6 Rg7 51. Rc2 b4 52. Nc6 Rb7 53. Rb2
h5 54. a4 (54. a3 $2 Rb6) (54. Kf5 Kh6) 54... b3 55. Kd5 $10 h4 56. Nd4 Kh6 57.
Kc4 Kg5 58. Nxb3 h3 59. Rd2 Kf4 60. Nc5 Rh7 61. Ne4 h2 62. Kb5 Kf3 63. Nf2 Re7
64. Nh1 Re2 65. Rxe2 Kxe2 66. Kc4 1/2-1/2

[Event "WchT Students 19th final A"]
[Site "Graz"]
[Date "1972.07.28"]
[Round "8.1"]
[White "Huebner, Robert"]
[Black "Rogoff, Kenneth"]
[Result "1/2-1/2"]
[WhiteElo "2590"]
[BlackElo "2430"]
[Annotator "Friedel,F"]
[PlyCount "24"]
[EventDate "1972.07.21"]
[EventType "team-tourn"]
[EventRounds "9"]
[EventCountry "AUT"]
[SourceTitle "MCD"]
[Source "ChessBase"]
[SourceDate "1999.07.01"]
[SourceVersion "1"]
[SourceVersionDate "1999.07.01"]
[SourceQuality "1"]
[WhiteTeam "German Fed Rep"]
[BlackTeam "United States of America"]
[WhiteTeamCountry "GER"]
[BlackTeamCountry "USA"]

1. c4 Nf6 2. Nf3 g6 3. Ng1 {The Anti-Rogoff system pioneered by the German
grandmaster but never used again after this milestone game.} Bg7 4. Qa4 O-O 5.
Qxd7 $5 {An incredibly deep sacrifice, the point of which only becomes clear
half a dozen moves later.} Qxd7 6. g4 Qxd2+ $1 {Rogoff sees the danger hidden
in Hübner's ultra-sharp play (we don't). He knows he has to return the
material.} 7. Kxd2 {7...Bxd2 was better:} (7. Bxd2 Nxg4 8. Nc3 Nc6 9. h3 Nge5
10. b3 Rd8 11. O-O-O {and White, while still at a disadvantage, has a better
game than after the text move.}) 7... Nxg4 8. b4 {Hübner overlooks the double
threat (...Bxa1 as well as ...Nxf2) to his rooks.} a5 {Strategically sound.
There is no reason to execute one of the threats immediately, since they will
not go away.} 9. a4 {Trying to prepare an escape route for the rook.} Bxa1 10.
Bb2 Nc6 11. Bh8 Bg7 {Trapping the bishop. This unique idea deserves acclaim.}
12. h4 axb4 {and White, one of the world's leading grandmasters at the time,
offered a draw, which the respectful economist Rogoff was glad to accept.}
1/2-1/2

[Event "Interpolis-02"]
[Site "Tilburg"]
[Date "1978.09.09"]
[Round "7"]
[White "Huebner, Robert"]
[Black "Timman, Jan H"]
[Result "1/2-1/2"]
[WhiteElo "2595"]
[BlackElo "2585"]
[Annotator "Ftacnik,L"]
[PlyCount "46"]
[EventDate "1978.09.01"]
[EventType "tourn"]
[EventRounds "11"]
[EventCountry "NED"]
[EventCategory "14"]
[SourceTitle "MCL"]
[Source "ChessBase"]
[SourceDate "1999.07.01"]
[SourceVersion "1"]
[SourceVersionDate "1999.07.01"]
[SourceQuality "1"]

1. Nf3 Nf6 2. c4 b6 3. d3 c5 4. e4 Nc6 (4... Bb7 5. e5 $5) 5. Nc3 g6 6. d4 $5
cxd4 7. Nxd4 Bb7 8. Nxc6 $5 dxc6 (8... Bxc6 $5 9. e5 Ne4 10. Nxe4 (10. e6 $2)
10... Bxe4 11. Qd4 Bc6 12. e6 f6 $10) 9. Bg5 Qxd1+ 10. Rxd1 Nd7 (10... Bg7 $5)
11. Kd2 (11. Be2) (11. g3 $5) (11. h4 $5) 11... f6 (11... O-O-O 12. Kc2 $14)
12. Be3 e5 13. g3 Bc5 14. Ke2 (14. Bh3) 14... Bxe3 15. Kxe3 Nc5 16. Bh3 a5 17.
Rd6 Ke7 18. Rhd1 Rhd8 19. Rxd8 Rxd8 20. Rxd8 Kxd8 21. f4 exf4+ $5 (21... Bc8) (
21... Ke7 $5) (21... a4 $5 {/\Ba6}) 22. gxf4 Bc8 23. Bxc8 Kxc8 1/2-1/2

[Event "St Petersburg op"]
[Site "St Petersburg"]
[Date "1994.??.??"]
[Round "1"]
[White "Anastasian, Ashot"]
[Black "Chuprov, A."]
[Result "1/2-1/2"]
[WhiteElo "2545"]
[BlackElo "2410"]
[Annotator "Hecht,H"]
[PlyCount "124"]
[EventDate "1994.02.??"]
[EventType "swiss"]
[EventRounds "9"]
[EventCountry "RUS"]
[SourceTitle "CBM 041"]
[Source "ChessBase"]
[SourceDate "1994.08.01"]
[SourceVersion "1"]
[SourceVersionDate "1994.08.01"]
[SourceQuality "1"]

1. Nf3 Nf6 2. c4 g6 3. b4 Bg7 4. Bb2 O-O 5. e3 c6 6. Nc3 d5 7. Be2 Qd6 8. Qb3
dxc4 9. Qxc4 Bg4 10. h3 Bxf3 11. Bxf3 Nbd7 12. d4 Nb6 13. Qb3 Nfd5 14. b5 Nxc3
15. Bxc3 Nd5 16. Bb2 Rfd8 17. Ba3 Qe6 18. bxc6 bxc6 19. O-O Rab8 20. Qc4 Rb6
21. Rac1 Rdb8 22. Qa4 R8b7 23. Bc5 Rb2 24. Bxa7 Nxe3 25. fxe3 Rxa2 26. Qxc6
Qxc6 27. Rxc6 Rbxa7 28. Bd5 Bf6 29. Bxa2 Rxa2 30. Rcxf6 exf6 31. Rxf6 Kf8 32.
Rf2 Ra1+ 33. Rf1 Ra2 34. Re1 Ke7 35. Kf1 Ke6 36. Re2 Ra1+ 37. Kf2 Kd5 38. Rb2
Ke4 39. Rb7 Ra2+ 40. Kg3 Kxe3 41. Rxf7 Kxd4 42. Rxh7 Ke5 43. Rf7 Ra4 44. h4 Rb4
45. Kh3 Ra4 (45... Rf4 46. Rxf4 Kxf4 47. g4 Ke5 48. Kg3 Ke4 49. g5 Kf5 50. Kf3
Ke6 (50... Ke5 51. Kg4 Ke6 52. h5 gxh5+ (52... Kf7 53. h6 $18) 53. Kxh5 Kf7 54.
Kh6 Kg8 55. Kg6 $18) 51. Kf4 (51. Ke4 {Opposition ist hier wertlos} Kd6 52. Kd4
Ke6 53. Ke4 Kd6 54. Kf4 Ke6 55. Kg4 Kf7 $10) 51... Kf7 $10 (51... Ke7 52. Ke5
$18) (51... Kd6 52. Kg4 Ke6 53. h5 $18) 52. Kf3 Ke6) 46. g3 Rb4 47. Rf1 Ra4 48.
g4 Ra3+ 49. Kg2 Ra2+ 50. Kg3 Ra4 51. h5 (51. g5 Ra3+ 52. Rf3 Ra4 53. Rf6 Ra3+
$10) 51... gxh5 52. gxh5 Ra8 53. Kh4 Rh8 54. Kg5 Rg8+ 55. Kh6 Ke6 56. Kh7 Rg2
57. Rf8 Ke7 58. Rg8 Rh2 59. h6 Kf7 60. Rg7+ Kf8 61. Rg4 Rf2 62. Kh8 Rf6 1/2-1/2